Ese hombre eres tú
Сохранить в:
| Главный автор: | |
|---|---|
| Формат: | |
| Язык: | испанский |
| Опубликовано: |
Madrid
Sociedad de Educación Atenas
1965
|
| Редактирование: | 3a. ed |
| Серии: | Frente a Frente, 3
|
| Предметы: | |
| Метки: |
Добавить метку
Нет меток, Требуется 1-ая метка записи!
|
MARC
| LEADER | 00000nam a2200000 a 4500 | ||
|---|---|---|---|
| 001 | UCS9981 | ||
| 003 | CL-VaPUC | ||
| 008 | 971129e19650000SP |||||||||||||||||spa|d | ||
| 082 | 0 | 4 | |a 230 |b EVE |2 21 |
| 100 | 0 | |a Evely, Luis |e author |9 395248 | |
| 245 | 1 | 0 | |a Ese hombre eres tú |
| 250 | |a 3a. ed | ||
| 300 | |a 206 p | ||
| 942 | |c BK | ||
| 945 | |d 19971129 00:00:00 |a jquezada | ||
| 260 | |a Madrid |b Sociedad de Educación Atenas |c 1965 | ||
| 650 | 0 | |a Biblia |9 257603 | |
| 650 | 0 | |a Bienaventuranzas |9 322890 | |
| 650 | 0 | |a Amor |9 257817 | |
| 650 | 0 | |a Perdón |9 395249 | |
| 650 | 7 | |a ESPIRITU SANTO |2 CL-VaPUC |9 395250 | |
| 650 | 0 | |a Espiritualidad |9 267331 | |
| 650 | 0 | |a Cristianismo |9 257361 | |
| 583 | |a last modification |c 19971129 00:00:00 |k Rodrigo Vera | ||
| 490 | 0 | |a Frente a Frente, 3 | |
| 999 | |c 263645 |d 263643 | ||
| 952 | |0 0 |1 2 |4 0 |6 230_000000000000000_EVE_1965 |7 0 |8 A |9 293004 |a BIBTEO |b BIBTEO |d 2019-11-19 |i 3369927 |o 230 EVE 1965 |p 3369927 |r 2019-11-19 |w 2019-11-19 |x Descarte 2019 |y BK |k ICR | ||